Capitali del mondo che iniziano con la R - Statistics

Statistiche generali
  • Questo quiz è stato fatto 637 volte
  • Il punteggio medio è 4 su 6
Statistiche sulle risposte
Risposte % Corretto
Roma
95%
Rabat
73%
Riga
64%
Reykjavik
63%
Riyad
54%
Roseau
38%
Nessun quiz corrispondente trovato
Distribuzione punteggi
Percentuale di utenti per punteggio
Percentile per numero di risposta
I tuoi punteggi nel tempo
Non hai fatto questo quiz